Disrupting Logistics (Record no. 27398)

000 -LEADER
fixed length control field 04455nam a22006255i 4500
001 - CONTROL NUMBER
control field 978-3-030-61093-7
003 - CONTROL NUMBER IDENTIFIER
control field DE-He213
005 - DATE AND TIME OF LATEST TRANSACTION
control field 20240716160156.0
006 - FIXED-LENGTH DATA ELEMENTS--ADDITIONAL MATERIAL CHARACTERISTICS
fixed length control field a|||||o|||| 00| 0
007 - PHYSICAL DESCRIPTION FIXED FIELD--GENERAL INFORMATION
fixed length control field cr nn 008mamaa
008 - FIXED-LENGTH DATA ELEMENTS--GENERAL INFORMATION
fixed length control field 210129s2021 sz | s |||| 0|eng d
020 ## - INTERNATIONAL STANDARD BOOK NUMBER
International Standard Book Number 9783030610937
024 7# - OTHER STANDARD IDENTIFIER
Standard number or code 10.1007/978-3-030-61093-7
Source of number or code doi
040 ## - CATALOGING SOURCE
Transcribing agency imu-kc
050 #4 - LIBRARY OF CONGRESS CALL NUMBER
Classification number HD38.5
072 #7 - SUBJECT CATEGORY CODE
Subject category code KJMV9
Source bicssc
Subject category code BUS087000
Source bisacsh
Subject category code KJMV9
Source thema
082 04 - DEWEY DECIMAL CLASSIFICATION NUMBER
Classification number 658.7
Edition number 23
245 10 - TITLE STATEMENT
Title Disrupting Logistics
Medium [electronic resource] :
Remainder of title Startups, Technologies, and Investors Building Future Supply Chains /
Statement of responsibility, etc. edited by Christian Wurst, Luca Graf.
250 ## - EDITION STATEMENT
Edition statement 1st ed. 2021.
264 #1 - PRODUCTION, PUBLICATION, DISTRIBUTION, MANUFACTURE, AND COPYRIGHT NOTICE
Place of production, publication, distribution, manufacture Cham :
Name of producer, publisher, distributor, manufacturer Springer International Publishing :
-- Imprint: Springer,
Date of production, publication, distribution, manufacture, or copyright notice 2021.
300 ## - PHYSICAL DESCRIPTION
Extent VIII, 290 p. 37 illus., 34 illus. in color.
Other physical details online resource.
336 ## - CONTENT TYPE
Content type term text
Content type code txt
Source rdacontent
337 ## - MEDIA TYPE
Media type term computer
Media type code c
Source rdamedia
338 ## - CARRIER TYPE
Carrier type term online resource
Carrier type code cr
Source rdacarrier
347 ## - DIGITAL FILE CHARACTERISTICS
File type text file
Encoding format PDF
Source rda
490 1# - SERIES STATEMENT
Series statement Future of Business and Finance,
International Standard Serial Number 2662-2475
505 0# - FORMATTED CONTENTS NOTE
Formatted contents note Foreword -- Introduction – Logistics at the brink of change -- Part I - Driving forces of digital disruption -- Digitizing and automating processes in logistics -- How utilization of assets is impacted by digitalization and automation -- Towards logistics pricing transparency -- Supply chain visibility and exception management -- Part II - Business models disrupting the existing logistics solutions -- The platform era and global freight -- The Last Mile Problem and its Innovative Challengers -- E-Commerce order fulfilment supply chain - how new entrants are changing the industry -- Selection of the appropriate asset tracking solution -- Advanced Analytics and Big Data in Supply Chain Planning -- SaaS & big data solutions in the area of logistics related services -- Human-Robot Collaboration: The Future of Smart Warehousing -- Digital freight forwarders disrupt road freight space -- A Revolution in Value-delivery Across Air and Sea Freight -- Autonomous vehicles as the ultimate efficiency driver in logistics -- Distributed Ledger Technology: Towards a Decentralized Logistics Ecosystem -- Part III - Key Players behind the disruption -- Digital transformation in airfreight -- How Freight Forwarders are challenged by and respond to the digital disruption -- The Evolution of Supply Chain Startups -- Transactions & Valuation in the Global Logistics Market -- Financing disruption – The role of Venture Capital in the logistics industry.
520 ## - SUMMARY, ETC.
Summary, etc. This book presents trends, developments, and examples of how digital disruption is currently reshaping the logistics industry. Logistics is the invisible force behind the global economy, influencing and providing a lens into all economic activities. Chapters written by respected experts in the field describe how new technologies such as autonomous vehicles, blockchain, Internet of things (IoT), and state-of-the-art freight management solutions are fundamentally changing supply chain solutions. Special emphasis is placed on promising start-ups and venture capital firms around the world that are now investing in the future of logistics. .
650 #0 - SUBJECT ADDED ENTRY--TOPICAL TERM
Topical term or geographic name entry element Business logistics.
Topical term or geographic name entry element New business enterprises.
Topical term or geographic name entry element Venture capital.
Topical term or geographic name entry element Quantitative research.
Topical term or geographic name entry element Information technology
General subdivision Management.
Topical term or geographic name entry element Technological innovations.
Topical term or geographic name entry element Logistics.
Topical term or geographic name entry element Supply Chain Management.
Topical term or geographic name entry element Start-Ups and Venture Capital.
Topical term or geographic name entry element Data Analysis and Big Data.
Topical term or geographic name entry element Business IT Infrastructure.
Topical term or geographic name entry element Innovation and Technology Management.
700 1# - ADDED ENTRY--PERSONAL NAME
Personal name Wurst, Christian.
Relator term editor.
Authority record control number or standard number (orcid)0000-0002-4817-1381
Real World Object URI https://orcid.org/0000-0002-4817-1381
Relationship edt
-- http://id.loc.gov/vocabulary/relators/edt
Personal name Graf, Luca.
Relator term editor.
Relationship edt
-- http://id.loc.gov/vocabulary/relators/edt
710 2# - ADDED ENTRY--CORPORATE NAME
Corporate name or jurisdiction name as entry element SpringerLink (Online service)
773 0# - HOST ITEM ENTRY
Title Springer Nature eBook
776 08 - ADDITIONAL PHYSICAL FORM ENTRY
Relationship information Printed edition:
International Standard Book Number 9783030610920
Relationship information Printed edition:
International Standard Book Number 9783030610944
Relationship information Printed edition:
International Standard Book Number 9783030610951
830 #0 - SERIES ADDED ENTRY--UNIFORM TITLE
Uniform title Future of Business and Finance,
International Standard Serial Number 2662-2475
856 40 - ELECTRONIC LOCATION AND ACCESS
Uniform Resource Identifier <a href="https://doi.org/10.1007/978-3-030-61093-7">https://doi.org/10.1007/978-3-030-61093-7</a>
942 ## - ADDED ENTRY ELEMENTS (KOHA)
Source of classification or shelving scheme
Koha item type E-Book

No items available.

Designed and Maintained by IMU-KC Library, Kolkata Campus © Copyright All Rights Reserved

webs counters

Powered by Koha